Nobilissima visione : (1938) Orchester-Suite /

Bibliographic Details
Main Author: Hindemith, Paul, 1895-1963
Format: Musical Score Book
Published: Mainz : New York : B. Schott's Söhne; Associated Music Publishers, [1940]
Subjects:

MARC

Tag First Indicator Second Indicator Subfields
LEADER 00000ccm a2200000 4500
001 in00001242001
005 20151003072520.0
008 850218s1940 gw sub n N/A
010 |a  50053338  
019 |a 00186042  |a 00484902  |a 21511776  |a 22395131 
028 3 0 |a 3531  |b B. Schott's Söhne 
028 3 0 |a Ed 3531  |b Schott 
028 3 0 |a B.S.S. 36049  |b B. Schott's Sohne 
035 |a (OCoLC)17709818 
035 |9 AGT6710AM 
040 |a DLC  |c YUU  |d IUG  |d OCL  |d TXA  |d UtOrBLW 
045 0 |b d1938 
048 |a oa 
049 |a TXAM 
050 0 0 |a M1003.H65  |b N6 1940a 
090 |a M1003.H685  |b N6 1940 
100 1 |a Hindemith, Paul,  |d 1895-1963. 
240 1 0 |a Nobilissima visione.  |p Suite 
245 1 0 |a Nobilissima visione :  |b (1938) Orchester-Suite /  |c Partitur. 
264 1 |a Mainz :  |b B. Schott's Söhne;  |a New York :  |b Associated Music Publishers,  |c [1940] 
264 4 |c [©1940] 
300 |a miniature score (69 pages) ;  |c 19 cm. 
306 |a 002300 
336 |a notated music  |b ntm  |2 rdacontent 
337 |a unmediated  |b n  |2 rdamedia 
338 |a volume  |b nc  |2 rdacarrier 
500 |a Duration: 23 min. 
505 0 |a Einleitung und Rondo.--Marsch und Pastorale.--Pasacaglia. 
500 |a "Edition Schott 3531." 
500 |a Reproduced from holograph. 
650 0 |a Suites (Orchestra)  |v Scores. 
999 |a MARS 
999 f f |s f974198d-abfa-356f-8bd4-a855e38a524e  |i f8ad56f2-c376-3b5d-bbf0-84d7ad59f88f  |t 0 
952 f f |p ric  |a Texas A&M University  |b Rellis Campus  |c Joint Library Facility  |d Remote Storage  |t 0  |e M1003.H685 N6 1940  |h Library of Congress classification  |i unmediated -- volume  |m A14819693176 
998 f f |a M1003.H685 N6 1940  |t 0  |l Remote Storage